000 00580ngm a22001935 4500
005 20200320192505.0
007 vd ugaizu
008 140326s2014 xx --- vueng d
020 _a9786315389375 : DVD
020 _a6315389376 : DVD
024 7 _a00031398193166
024 1 _a031398193166
100 _aWood, Evan Rachel.
_95889367
245 0 0 _aBarefoot
_h[videorecording].
260 _bLions Gate.
942 _cDVD
_029
948 _a06/17/2014
_zSirsi
996 _a110057
_b34301001296617
_cDVD
_dDVD
_ewcl
_fi
_g29
_h15.95
_lmicro
_mBar
_p06/17/2014
_q06/17/2019
_r06/10/2019
999 _c283948
_d283948